Massage therapy career guide for hands-on success

محفوظ في:
التفاصيل البيبلوغرافية
المؤلف الرئيسي: Capellini, Steve
التنسيق: كتاب
اللغة:Undetermined
منشور في: Clifton Park, NY Thomson/Delmar Learning 2006
الموضوعات:
الوسوم: إضافة وسم
لا توجد وسوم, كن أول من يضع وسما على هذه التسجيلة!
Thư viện lưu trữ: Trung tâm Học liệu Trường Đại học Cần Thơ
LEADER 00636nam a2200205Ia 4500
001 CTU_128108
008 210402s9999 xx 000 0 und d
020 |c 392000 
082 |a 615.822023 
082 |b C238 
100 |a Capellini, Steve 
245 0 |a Massage therapy career guide for hands-on success 
245 0 |c Steve Capellini 
260 |a Clifton Park, NY 
260 |b Thomson/Delmar Learning 
260 |c 2006 
650 |a Massage therapy,Massage therapy,Massage 
650 |x Vocational guidance.,Practice.,Organization & administration. 
904 |i Minh 
980 |a Trung tâm Học liệu Trường Đại học Cần Thơ